000 00470cam a2200193u 4500
001 8390448
005 20180201071303.0
008 830309s1943 dcua 000 0 eng
010 _a 54045217
040 _aDLC
_cCarP
_dDLC
041 _aeng
043 _anwpr---
080 _a94
100 _a16
101 _ahis
245 1 4 _aThe Puerto Rican economy during the war year of 1942.
906 _a0
_bcbc
_cpremunv
_du
_encip
_f19
_gy-gencatlg
942 _2ddc
_cBK
999 _c41526
_d41526